Rappeurs issus de Los Angeles - Statistiques

Statistiques générales
  • Ce quiz a été pris 73 fois
  • Le résultat moyen est 6 sur 26
Statistiques - réponses
Réponses % Correct
Tupac
87%
Dr.Dre
72%
Snoop Dogg
72%
Ice Cube
65%
Kendrick Lamar
64%
Eazy-E
54%
The Game
29%
Nate Dogg
25%
YG
23%
Ice-T
14%
Roddy Rich
13%
Schoolboy Q
13%
Xzibit
13%
Tyler, The Creator
12%
Nipsey Hussle
9%
Blueface
7%
Baby Keem
6%
Coolio
6%
Cypress Hill
6%
Jay Rock
6%
Tyga
6%
Ty Dolla Sign
4%
O.T Genasis
3%
Anderson. Paak
1%
Post Malone
1%
D.Savage
0%
Aucun quiz correspondant
Distribution des résultats
% des personnes avec chaque résultat
Percentile par nombre de réponses
Votre historique - résultats
Vous n’avez pas pris ce quiz